LEADER 01403nam--2200397---450- 001 990000682360203316 005 20091104131951.0 010 $a88-85370-75-6 035 $a0068236 035 $aUSA010068236 035 $a(ALEPH)000068236USA01 035 $a0068236 100 $a20011015h1997----km-y0itay0103----ba 101 $aita 102 $aIT 105 $a||||||||001yy 200 1 $aAppunti dalle lezioni di diritto internazionale privato$eil diritto internazionale privato italiano ( L. 31-05-1995, n. 218)$fUgo Iaccarino 210 $aNapoli$cEditoriale scientifica$d1997 215 $a418 p.$d23 cm 225 2 $aManuali, testi e documenti per l'università 300 $aIn appendice: La L.31-05-1995, n. 218 e le disposizioni richiamate 410 $12001$aManuali, testi e documenti per l'università 606 0 $aDiritto internazionale privato 676 $a340.9 700 1$aIACCARINO,$bUgo$0548795 801 0$aIT$bsalbc$gISBD 912 $a990000682360203316 951 $aXXIII.3.B. 164 a (IG VIII 22 138)$b19437 G$cXXIII.3.B. 164 a (IG VIII)$d00246302 959 $aBK 969 $aGIU 979 $aPATTY$b90$c20011015$lUSA01$h2054 979 $c20020403$lUSA01$h1717 979 $aPATRY$b90$c20040406$lUSA01$h1647 979 $aRSIAV3$b90$c20091104$lUSA01$h1319 996 $aAppunti dalle lezioni di diritto internazionale privato$9960384 997 $aUNISA LEADER 03151nam 2200685Ia 450 001 9910457506303321 005 20200520144314.0 010 $a0-253-10954-X 010 $a0-253-10644-3 010 $a1-282-06308-1 010 $a9786612063084 035 $a(CKB)1000000000362432 035 $a(EBL)138209 035 $a(OCoLC)56672652 035 $a(SSID)ssj0000208440 035 $a(PQKBManifestationID)11189669 035 $a(PQKBTitleCode)TC0000208440 035 $a(PQKBWorkID)10243855 035 $a(PQKB)10157654 035 $a(MiAaPQ)EBC138209 035 $a(OCoLC)51273599 035 $a(MdBmJHUP)muse16881 035 $a(Au-PeEL)EBL138209 035 $a(CaPaEBR)ebr10018382 035 $a(CaONFJC)MIL206308 035 $a(EXLCZ)991000000000362432 100 $a20020311d2002 ub 0 101 0 $aeng 135 $aur|n|---||||| 181 $ctxt 182 $cc 183 $acr 200 10$aNation-building, propaganda, and literature in Francophone Africa$b[electronic resource] /$fDominic Thomas 210 $aBloomington $cIndiana University Press$dc2002 215 $a1 online resource (294 p.) 300 $aDescription based upon print version of record. 311 $a0-253-34157-4 311 $a0-253-21554-4 320 $aIncludes bibliographical references (p. [229]-254) and index. 327 $aIntroduction: engineering history and engineering literature -- Official writers: the engineers of the Congolese soul -- Sony Labou Tansi: commitment, oppositionality, and resistance -- Henri Lopes: collaboration, confession, and testimony -- Emmanuel Dongala: history, memory, and reconciliation -- National conferences and media decentralization in Francophone Africa. 330 $a What characterizes the relationship between literature and the state? Should literature serve the needs of the state by constructing national consciousness, espousing state propaganda, and molding good citizens. Or should it be dedicated to a different kind of creative social endeavor? In this important book about literature and the politics of nation-building, Dominic Thomas assesses the contributions of Francophone African writers whose works have played a key role in the recent transition to democracy in the Congo. Exploring the works of Sony Labou Tansi, Henri Lopes, and Emmananuel Do 606 $aAfrican literature (French)$xHistory and criticism 606 $aNationalism and literature$zAfrica, French-speaking 606 $aPolitics and literature$zAfrica, French-speaking 606 $aPropaganda$zAfrica, French-speaking 608 $aElectronic books. 615 0$aAfrican literature (French)$xHistory and criticism. 615 0$aNationalism and literature 615 0$aPolitics and literature 615 0$aPropaganda 676 $a809.896 676 $a840.9/358/096 700 $aThomas$b Dominic Richard David$0850733 801 0$bMiAaPQ 801 1$bMiAaPQ 801 2$bMiAaPQ 906 $aBOOK 912 $a9910457506303321 996 $aNation-building, propaganda, and literature in Francophone Africa$91932272 997 $aUNINA